Hướng dẫn thi hành luật Giáo dục và các quy định, quy chế mới dành cho hiệu trưởng và lãnh đạo nhà trường 2011 - 2012

保存先:
書誌詳細
団体著者: Bộ Giáo dục và Đào tạo
フォーマット: 図書
言語:Vietnamese
出版事項: Hà Nội Lao động 2011
主題:
タグ: タグ追加
タグなし, このレコードへの初めてのタグを付けませんか!
Thư viện lưu trữ: Trung tâm Học liệu Lê Vũ Hùng, Trường Đại học Đồng Tháp
LEADER 00825aam a22002058a 4500
001 00027402
005 20171026081025.0
008 111108s2011 ||||||viesd
020 |c 299000 
041 0 # |a vie 
082 1 4 |a 344.597  |b H561D 
110 1 # |a Bộ Giáo dục và Đào tạo 
245 1 0 |c Bộ giáo dục và đào tạo  |a Hướng dẫn thi hành luật Giáo dục và các quy định, quy chế mới dành cho hiệu trưởng và lãnh đạo nhà trường 2011 - 2012 
260 # # |a Hà Nội  |b Lao động  |c 2011 
300 # # |a 475tr.  |c 29cm. 
650 # 4 |a Luật giáo dục  |x Việt Nam 
852 # # |b Kho mượn  |j KM.0010978 
852 # # |j KM.0010978 
910 |d 08/11/2011 
980 # # |a Trung tâm Học liệu Lê Vũ Hùng, Trường Đại học Đồng Tháp